[Event "Challenge"]
[Site "http://www.queenalice.com/game.php?id=1787433"]
[Date "2022.4.22"]
[Round "-"]
[White "doriam2203"]
[Black "rfbcsa"]
[Result "1-0"]
[WhiteElo "1708"]
[BlackElo "1887"]

1. e4 e6 2. d4 d5 3. e5 c5 4. Nf3 a6 5. Be3 Nc6 6. dxc5 Qa5+ 7. c3 f6 8. exf6
Nxf6 9. Bd3 Ng4 10. Bd4 Nxd4 11. Nxd4 Ne5 12. b4 Qc7 13. O-O b6 14. cxb6 Qxb6
15. a3 Bd6 16. Qe2 O-O 17. Nd2 Nxd3 18. Qxd3 e5 19. N4f3 Bb7 20. Qc2 e4 21. Nd4
Bc8 22. Qb3 Bb7 23. Nxe4 Be5 24. Nc5 Qh6 25. g3 Bc6 26. Nxc6 Qxc6 27. Rad1 Rfd8
28. Rd3 Kh8 29. Rfd1 Qf6 30. Rxd5 Rf8 31. Qc2 Bxc3 32. Ne4 Qg6 33. Qxc3 Qxe4 34.
Rd7 Qg4 35. Qd4 Qxd4 36. R1xd4 h6 37. R4d5 Rf6 38. Rd8+ Rf8 39. Rxf8+ 1-0

[Event "Challenge"]
[Site "http://www.queenalice.com/game.php?id=1787474"]
[Date "2022.4.22"]
[Round "-"]
[White "rfbcsa"]
[Black "jorm"]
[Result "0-1"]
[WhiteElo "1864"]
[BlackElo "1855"]

1. e4 e5 2. Nf3 Nc6 3. Bb5 Nge7 4. Nc3 a6 5. Ba4 h6 6. O-O d6 7. h3 Bd7 8. d3
Be6 9. d4 Bd7 10. dxe5 Nxe5 11. Bxd7+ Nxd7 12. Nd5 g6 13. Qd4 Rh7 14. e5 Bg7 15.
Nf6+ Bxf6 16. exf6 Nc6 17. Re1+ Nde5 18. Qf4 Qd7 19. b3 O-O-O 20. Bb2 g5 21. Qe4
Nxf3+ 22. Qxf3 h5 23. a4 Rhh8 24. Bc3 g4 25. hxg4 hxg4 26. Qf4 Rh5 27. f3 gxf3
28. Qxf3 Rdh8 29. Re4 Ne5 30. Bxe5 dxe5 31. Rae1 Rh1+ 32. Kf2 Rxe1 33. Rxe1 Qd4+
34. Qe3 Qh4+ 35. Qg3 Qxf6+ 36. Qf3 Qxf3+ 37. Kxf3 f6 38. Ke4 Rh4+ 39. Kf5 Rf4+
40. Ke6 Rf2 41. Rh1 b6 42. Re1 Rxg2 43. Kxf6 Rxc2 44. Kxe5 Rc5+ 45. Kd4 a5 46.
Re5 Rxe5 47. Kxe5 c6 48. Kd6 Kb7 49. Kd7 b5 50. Kd6 Kb6 51. axb5 Kxb5 0-1

[Event "Como Fuenteovejuna"]
[Site "http://www.queenalice.com/game.php?id=1788288"]
[Date "2022.5.5"]
[Round "-"]
[White "rfbcsa"]
[Black "din4"]
[Result "1-0"]
[WhiteElo "1853"]
[BlackElo "1572"]

1. e4 e5 2. Nf3 f6 3. Nc3 c6 4. d4 d6 5. Be3 b5 6. a3 g5 7. h3 Ne7 8. dxe5 Ng6
9. exf6 Qxf6 10. Bxg5 Qg7 11. Bd3 h6 12. Be3 Ne5 13. O-O Bxh3 14. Nh4 Be7 15.
Qh5+ Kd7 16. Ng6 Bg4 17. Nxe5+ dxe5 18. Qh2 h5 19. f4 Bd6 20. Be2 Na6 21. f5 Nc5
22. Bd3 Nxd3 23. cxd3 a5 24. Rf2 b4 25. Na4 Rab8 26. Bc5 b3 27. Nb6+ Kc7 28.
Bxd6+ Kxd6 29. f6 Qg5 30. Nc4+ Ke6 31. Raf1 Rh6 32. f7 Rf8 33. d4 h4 34. Qxe5+
Qxe5 35. Nxe5 Bh5 36. Nc4 a4 37. Rf5 Be2 38. Re5+ Kd7 39. Nb6+ Kc7 40. Re8 Kxb6
41. Rxf8 Bxf1 42. Kxf1 Kb5 43. Rb8+ Kc4 44. Rb4+ Kd3 45. e5 Rh8 46. Rxa4 Kc2 47.
e6 Rf8 48. Ke2 Kxb2 49. e7 Rxf7 50. e8=Q Rf4 51. Qe3 Rg4 52. Qf2 Kc1 53. Kd3 c5
54. Qd2+ Kb1 55. Qd1+ Ka2 56. Qxg4 b2 57. Qe2 Ka1 58. Qxb2+ Kxb2 59. dxc5 Kb3
60. Rxh4 Kxa3 61. c6 Kb2 62. Rc4 Kb1 63. c7 Kb2 64. c8=Q Kb3 65. Qb8+ Ka3 66.
Rc7 Ka2 67. Ra7# 1-0

[Event "Todos a una"]
[Site "http://www.queenalice.com/game.php?id=1788289"]
[Date "2022.5.5"]
[Round "-"]
[White "din4"]
[Black "rfbcsa"]
[Result "0-1"]
[WhiteElo "1577"]
[BlackElo "1848"]

1. e4 e6 2. Nf3 d5 3. e5 Ne7 4. d4 Ng6 5. g3 c5 6. Ng5 h6 7. Nf3 a6 8. h4 cxd4
9. Nxd4 Nxe5 10. f4 Nec6 11. Bh3 Qb6 12. c3 Nxd4 13. cxd4 Nc6 14. b3 Bb4+ 15.
Bd2 Qxd4 16. a3 Qxa1 17. axb4 Qf6 18. O-O Qd4+ 19. Kh1 O-O 20. Bg4 Nxb4 21. f5
exf5 22. Bxf5 Bxf5 23. Bxb4 Qxd1 24. Rxd1 Be4+ 25. Kh2 Rac8 26. Bxf8 Kxf8 27. g4
Rc2+ 28. Kg3 g5 29. hxg5 hxg5 30. Nd2 Rc3+ 31. Kf2 b5 32. Ra1 Rc6 33. Nxe4 dxe4
34. Ke3 Re6 35. Rh1 Kg7 36. Rc1 f6 37. Rc5 Kf7 38. b4 Ke7 39. Rd5 Rd6 40. Kxe4
Ke6 41. Rc5 Kf7 42. Kf5 Re6 43. Rc7+ Re7 44. Rxe7+ Kxe7 45. Ke4 Ke6 46. Kd4 f5
47. gxf5+ Kxf5 48. Kc5 g4 49. Kb6 g3 50. Kxa6 g2 51. Kxb5 g1=Q 52. Kc4 Ke4 53.
b5 Qb6 54. Kb4 Kd4 55. Ka4 Kc4 56. Ka3 Qxb5 57. Ka2 Qb4 58. Ka1 Kc3 59. Ka2 Qb2#
0-1

[Event "Challenge"]
[Site "http://www.queenalice.com/game.php?id=1792820"]
[Date "2022.7.20"]
[Round "-"]
[White "rfbcsa"]
[Black "Silviamonica"]
[Result "1/2-1/2"]
[WhiteElo "1818"]
[BlackElo "1601"]

1. e4 c6 2. Nc3 d5 3. Nf3 Bg4 4. h3 Bxf3 5. Qxf3 d4 6. Nb1 Nd7 7. Be2 Ngf6 8. d3
e6 9. O-O Bd6 10. Bd2 Qc7 11. a3 O-O 12. g3 a5 13. Qg2 b5 14. f4 Bc5 15. Kh1
Rac8 16. c3 Rfd8 17. cxd4 Bxd4 18. Nc3 a4 19. Rac1 Qb6 20. Bf3 e5 21. Rc2 Nc5
22. Be2 Nb3 23. Be1 Qb8 24. Bg4 Rc7 25. Ne2 h5 26. Bf3 Qb6 27. Bf2 Re8 28. fxe5
Rxe5 29. Nxd4 Nxd4 30. Rfc1 Ne8 31. Be2 c5 32. Bxd4 cxd4 33. Rxc7 Nxc7 34. Qf2
Ne6 35. Rc8+ Nf8 36. g4 hxg4 37. Bxg4 g6 38. Bf5 Kg7 39. Bg4 Nh7 40. Qh4 Qf6 41.
Qxf6+ Nxf6 42. Rd8 Nxg4 43. hxg4 Rc5 44. Rxd4 Rc2 45. Rb4 Rd2 46. Rxb5 Rxd3 47.
e5 Kf8 48. Kg2 Ke7 49. Rb4 Ke6 50. Rxa4 Rd2+ 51. Kf3 Rxb2 52. Ke4 f5+ 53. gxf5+
gxf5+ 54. Kf4 Rf2+ 55. Ke3 Rh2 56. Ra5 Rh4 57. Kf3 1/2-1/2

[Event "Fernando "]
[Site "http://www.queenalice.com/game.php?id=1793464"]
[Date "2022.7.31"]
[Round "-"]
[White "rfbcsa"]
[Black "din4"]
[Result "1-0"]
[WhiteElo "1814"]
[BlackElo "1562"]

1. e4 e5 2. Nf3 f6 3. Nxe5 fxe5 4. Qh5+ g6 5. Qxe5+ Qe7 6. Qxh8 Nf6 7. d3 Nc6 8.
Bg5 Qg7 9. Qxg7 Bxg7 10. Nc3 a6 11. Be2 Nd4 12. O-O-O Nxe2+ 13. Nxe2 Ng4 14. Be3
Bh6 15. Bxh6 Nxh6 16. h3 d6 17. g4 Nf7 18. Nc3 Be6 19. Kb1 Ne5 20. f4 Nc6 21.
Ne2 b5 22. c3 a5 23. d4 Bc4 24. Ng3 a4 25. a3 Bb3 26. Rde1 O-O-O 27. d5 Na5 28.
Ne2 c5 29. dxc6 Nxc6 30. Nd4 Nxd4 31. cxd4 Kb7 32. e5 d5 33. f5 gxf5 34. gxf5
Rc8 35. Rh2 Rg8 36. f6 Rg3 37. Rf2 Rxh3 38. e6 Rd3 39. f7 Rxd4 40. f8=Q Rc4 41.
e7 d4 42. e8=Q d3 43. Qb8+ Kc6 44. Qbd6+ Kb7 45. Qfb8# 1-0

[Event "Fernando 2"]
[Site "http://www.queenalice.com/game.php?id=1793465"]
[Date "2022.7.31"]
[Round "-"]
[White "din4"]
[Black "rfbcsa"]
[Result "0-1"]
[WhiteElo "1556"]
[BlackElo "1820"]

1. e4 e6 2. Nf3 c5 3. Bb5 a6 4. Ba4 b5 5. d4 bxa4 6. dxc5 Bxc5 7. c3 Ne7 8. Qxa4
Nbc6 9. b4 Bb6 10. b5 Nb8 11. Ba3 Bb7 12. Bd6 axb5 13. Qxb5 Bxe4 14. Nbd2 Bxf3
15. Nxf3 Nf5 16. g4 Nxd6 17. Qe5 Qf6 18. Qxf6 gxf6 19. O-O Nc6 20. Rfd1 Ne4 21.
Rd3 Bxf2+ 22. Kf1 Ke7 23. Nd2 Nxd2+ 24. Kxf2 Ne4+ 25. Ke3 Ng5 26. Kf4 Ne5 27.
Re3 Ra4+ 28. Kg3 Rxg4+ 29. Kf2 Rf4+ 30. Ke2 Rc8 31. a4 Nc4 32. Rg3 Re4+ 33. Kd3
Re3+ 34. Rxe3 Nxe3 35. Kxe3 Rxc3+ 36. Kd4 Rc7 37. a5 e5+ 38. Ke3 Ra7 39. h4 Ne6
40. Ke4 Nc5+ 41. Kd5 Nb3 42. Ra3 Rxa5+ 43. Rxa5 Nxa5 44. Ke4 Ke6 45. Ke3 f5 46.
Kf3 d5 47. Kg3 h5 48. Kf3 d4 49. Kg3 f4+ 50. Kf3 Kf5 0-1

[Event "Tomàs 1"]
[Site "http://www.queenalice.com/game.php?id=1793468"]
[Date "2022.7.31"]
[Round "-"]
[White "rfbcsa"]
[Black "Esporpi63"]
[Result "0-1"]
[WhiteElo "1844"]
[BlackElo "1795"]

1. e4 e5 2. Nf3 Nc6 3. Bb5 d6 4. d4 Bd7 5. dxe5 Nxe5 6. Nxe5 dxe5 7. Bxd7+ Qxd7
8. Qxd7+ Kxd7 9. O-O Rd8 10. Rd1+ Bd6 11. Be3 Nf6 12. Nc3 a6 13. h3 Kc8 14. Nd5
Nxd5 15. Rxd5 Rd7 16. Rf1 f6 17. f4 c6 18. Rd3 Rg8 19. Rfd1 Rgd8 20. Bb6 Bc7 21.
Bxc7 Kxc7 22. b4 exf4 23. Rxd7+ Rxd7 24. Rxd7+ Kxd7 25. Kf2 Ke6 26. Kf3 Ke5 27.
c3 b5 28. a3 g5 0-1

[Event "Tomàs 2"]
[Site "http://www.queenalice.com/game.php?id=1793469"]
[Date "2022.7.31"]
[Round "-"]
[White "Esporpi63"]
[Black "rfbcsa"]
[Result "1-0"]
[WhiteElo "1813"]
[BlackElo "1846"]

1. d4 Nf6 2. Nf3 e6 3. Nc3 b6 4. d5 Bb4 5. Qd4 Bxc3+ 6. Qxc3 O-O 7. dxe6 dxe6 8.
Bg5 Nbd7 9. Rd1 Qe8 10. Ne5 Bb7 11. Nxd7 Nxd7 12. Qg3 f6 13. Be3 Rd8 14. h4 Qh5
15. Qxc7 Qa5+ 16. c3 Bc8 17. Qc4 Ne5 18. Qb3 Rxd1+ 19. Qxd1 Qxa2 20. Bc1 Bb7 21.
Rh3 Qc4 22. f4 Ng4 23. e3 Qc7 24. Qxg4 f5 25. Qd1 Rd8 26. Qb3 Bd5 27. c4 Bb7 28.
Rg3 Rd6 29. Qc3 Rd7 30. h5 Qd8 31. Be2 Qh4 32. Kf2 g5 33. Qf6 g4 34. Qxh4 1-0

[Event "Toni 1"]
[Site "http://www.queenalice.com/game.php?id=1793470"]
[Date "2022.7.31"]
[Round "-"]
[White "rfbcsa"]
[Black "doriam2203"]
[Result "1-0"]
[WhiteElo "1821"]
[BlackElo "1719"]

1. e4 d5 2. exd5 Qxd5 3. Nc3 Qd8 4. Bc4 e6 5. Nf3 a6 6. a4 Bb4 7. Na2 Nc6 8. O-O
Bd6 9. d4 Nf6 10. Nc3 h6 11. Re1 O-O 12. Ne4 Bb4 13. c3 Be7 14. Nxf6+ Bxf6 15.
b4 b5 16. axb5 Ne7 17. bxa6 c6 18. b5 cxb5 19. Bxb5 Nd5 20. c4 Nb4 21. Qd2 Nxa6
22. c5 Nc7 23. Rxa8 Nxa8 24. Bb2 Nc7 25. Bc4 Bb7 26. Ne5 Bxe5 27. Rxe5 Nd5 28.
Ba3 Bc6 29. Qd3 Nf4 30. Qg3 Qf6 31. f3 Ra8 32. Bb2 Nd5 33. Re1 Rb8 34. Qxb8+ 1-0

[Event "Toni 2"]
[Site "http://www.queenalice.com/game.php?id=1793471"]
[Date "2022.7.31"]
[Round "-"]
[White "doriam2203"]
[Black "rfbcsa"]
[Result "0-1"]
[WhiteElo "1731"]
[BlackElo "1825"]

1. e4 e6 2. d4 d5 3. e5 c5 4. c3 Nc6 5. Bb5 a6 6. Bxc6+ bxc6 7. Nf3 cxd4 8. cxd4
Bb4+ 9. Bd2 Qb6 10. a3 Bxd2+ 11. Qxd2 Ne7 12. O-O O-O 13. h3 a5 14. Nc3 Bb7 15.
Rab1 f6 16. b4 a4 17. Rfe1 fxe5 18. Rxe5 Bc8 19. Ng5 Rf6 20. Rbe1 Ng6 21. Qd3 h6
22. Nxe6 Nxe5 23. Rxe5 Bxe6 24. Ne2 Raf8 25. f3 Bf5 26. Qc3 Qb5 27. Ng3 Bxh3 0-1

[Event "Tomàs 3"]
[Site "http://www.queenalice.com/game.php?id=1793890"]
[Date "2022.8.7"]
[Round "-"]
[White "rfbcsa"]
[Black "Esporpi63"]
[Result "0-1"]
[WhiteElo "1829"]
[BlackElo "1830"]

1. e4 e5 2. f4 Bc5 3. Nf3 d6 4. d4 exd4 5. g3 Nf6 6. Bd3 Nc6 7. a3 O-O 8. b4 Bb6
9. h3 Qe7 10. Nbd2 Nh5 11. e5 dxe5 12. Bxh7+ Kh8 13. Nxe5 Nf6 14. Bd3 Nxe5 15.
fxe5 Qxe5+ 16. Ne4 Nxe4 17. Bf4 Qf5 18. Rf1 Re8 19. g4 Qh7 20. Qe2 Qh4+ 0-1

[Event "Tomàs 4"]
[Site "http://www.queenalice.com/game.php?id=1793891"]
[Date "2022.8.7"]
[Round "-"]
[White "Esporpi63"]
[Black "rfbcsa"]
[Result "0-1"]
[WhiteElo "1846"]
[BlackElo "1813"]

1. d4 Nf6 2. e3 e6 3. Bd3 d5 4. Nf3 c5 5. c3 Bd6 6. O-O O-O 7. Re1 Nc6 8. Nbd2
a6 9. e4 e5 10. exd5 Nxd5 11. dxe5 Bc7 12. Qc2 g6 13. Nc4 b5 14. Nd6 Bxd6 15.
exd6 Qxd6 16. b3 Bb7 17. Ng5 Ne5 18. Ne4 Qc6 19. c4 Nb4 20. Qc3 Nbxd3 21. Bh6
Rfe8 22. f4 b4 23. fxe5 bxc3 0-1

[Event "Tomàs 5"]
[Site "http://www.queenalice.com/game.php?id=1794042"]
[Date "2022.8.11"]
[Round "-"]
[White "rfbcsa"]
[Black "Esporpi63"]
[Result "0-1"]
[WhiteElo "1830"]
[BlackElo "1829"]

1. e4 e5 2. Nf3 Nc6 3. Bc4 Bc5 4. b4 Bxb4 5. c3 Be7 6. d4 Nf6 7. Ng5 d5 8. exd5
Na5 9. Qa4+ Bd7 10. Qxa5 b6 11. Qa6 exd4 12. d6 Bxd6 13. Bxf7+ Kf8 14. Qe2 Qc8
15. Be6 h6 16. Bxd7 Qxd7 17. Nf3 Re8 18. Be3 dxe3 19. fxe3 Bf4 20. Kf1 Nd5 21.
e4 Ne3+ 22. Kf2 Rxe4 23. Kg1 Re7 24. Nbd2 Nc2 25. Qc4 Be3+ 26. Kf1 Nxa1 0-1

[Event "Preparació SM"]
[Site "http://www.queenalice.com/game.php?id=1795456"]
[Date "2022.9.2"]
[Round "-"]
[White "rfbcsa"]
[Black "Esporpi63"]
[Result "0-1"]
[WhiteElo "1837"]
[BlackElo "1845"]

1. e4 e5 2. Nf3 Nc6 3. Bc4 Nf6 4. Ng5 d5 5. exd5 Na5 6. Bb5+ c6 7. dxc6 bxc6 8.
Be2 Ng4 9. Bxg4 Qxg5 10. Bf3 Qf6 11. Nc3 Bd7 12. Ne4 Qg6 13. d3 Nb7 14. d4 Rd8
15. dxe5 Bf5 16. Nd6+ Nxd6 17. Bxc6+ Bd7 18. Bxd7+ Rxd7 19. exd6 Bxd6 20. O-O
Bxh2+ 0-1

[Event "Challenge"]
[Site "http://www.queenalice.com/game.php?id=1795911"]
[Date "2022.9.10"]
[Round "-"]
[White "rfbcsa"]
[Black "JORAM2205"]
[Result "0-1"]
[WhiteElo "1820"]
[BlackElo "2195"]

1. e4 e6 2. d4 d5 3. Bd3 c5 4. exd5 Qxd5 5. Nf3 cxd4 6. b3 Bb4+ 7. Nbd2 Nf6 8.
O-O O-O 9. Bc4 Qc5 10. a4 Nc6 11. Re1 e5 12. Ne4 Nxe4 13. Rxe4 Bf5 14. Ng5 h6
15. Qf3 Bg6 16. Ne6 fxe6 17. Bxe6+ Kh8 18. Qg4 Qxc2 19. f3 Rf6 20. Bxh6 gxh6 21.
Qh4 Rxe6 22. Qxh6+ Kg8 23. Rg4 Bd2 24. Qh3 Be3+ 25. Kh1 Bc1 0-1

[Event "Challenge"]
[Site "http://www.queenalice.com/game.php?id=1796243"]
[Date "2022.9.15"]
[Round "-"]
[White "JORAM2205"]
[Black "rfbcsa"]
[Result "1-0"]
[WhiteElo "2196"]
[BlackElo "1818"]

1. e4 c5 2. Nf3 Nc6 3. Nc3 a6 4. Be2 d6 5. O-O Nf6 6. b3 e6 7. d4 cxd4 8. Nxd4
Be7 9. Nxc6 bxc6 10. Be3 O-O 11. Qd3 e5 12. Qc4 Bb7 13. Rfd1 d5 14. Qa4 Qc7 15.
Bg5 Nxe4 16. Nxe4 dxe4 17. Be3 c5 18. Rd7 Bc6 19. Rxc7 1-0

[Event "Challenge"]
[Site "http://www.queenalice.com/game.php?id=1798453"]
[Date "2022.10.21"]
[Round "-"]
[White "rfbcsa"]
[Black "JORAM2205"]
[Result "0-1"]
[WhiteElo "1809"]
[BlackElo "2202"]

1. e4 c5 2. Nf3 d6 3. b3 Nf6 4. e5 dxe5 5. Nxe5 Qd4 6. Bb5+ Nc6 7. Nxc6 Qxa1 8.
Ne5+ Bd7 9. Nxd7 Nxd7 10. Bxd7+ Kxd7 11. Nc3 g6 12. Qg4+ f5 13. Qa4+ Kd6 14. O-O
Bg7 15. Ba3 Bxc3 16. Rxa1 Bxa1 17. c3 b6 18. Qc4 Rac8 19. Qf1 Bxc3 20. dxc3 e5
21. g3 Rhd8 22. Bc1 Ke6 23. Bg5 Rd5 24. Qe1 c4 25. b4 Rc7 26. Kg2 Rcd7 27. a4
Rd1 28. Qe2 R1d3 29. Bf4 R7d5 30. g4 Rxc3 31. gxf5+ Kxf5 32. Be3 e4 33. Qb2 Rcd3
34. Qg7 Rd7 35. Qf8+ Ke5 36. Qf4+ Kd5 37. Qg4 Ke5 38. Bf4+ Kf6 39. Bg5+ Ke5 40.
Qe2 c3 41. Qc2 Kd4 42. Be3+ Kc4 43. b5 Rxe3 44. Qa2+ Kb4 45. Qb1+ Kxa4 46. fxe3
Rd2+ 47. Kg3 c2 48. Qa1+ Kb3 49. Qf1 Kb2 0-1